Sami na samotách /

Hlavní autor: Goláň, Robert, 1971-
Další autoři: Malina, Dalibor, 1942-
Jazyk: Čeština
Vydáno: [Karolinka] : Sdružení pro rozvoj Soláně, 2014
Vydání: Vyd. 1.
Edice: Soláň
Témata:
Fyzický popis: [82] s. : il. ; 20 cm
Knihy
Uloženo v:
LEADER 02174nam a2200637 a 4500
001 nkc20142595537
003 CZ PrNK
005 20190826090633.0
007 ta
008 140616s2014 xr a e 000 0 cze
015 |a cnb002595537 
020 |a 978-80-88008-10-1  |q (brož.) 
035 |a (OCoLC)892781001 
040 |a ABA001  |b cze 
043 |a e-xr---  |b e-xr-mr  |2 czenas 
045 |a x-y- 
072 7 |a 77  |x Fotografie. Fotografické postupy  |2 Konspekt  |9 21 
080 |a 77.03  |2 MRF 
080 |a 316.334.55  |2 MRF 
080 |a 911.374  |2 MRF 
080 |a 316.728  |2 MRF 
080 |a 394  |2 MRF 
080 |a (437.3)  |2 MRF 
080 |a (437.32-18)  |2 MRF 
080 |a (084.12)  |2 MRF 
080 |a (0:82-9)  |2 MRF 
100 1 |a Goláň, Robert,  |d 1971-  |7 mzk2002157082  |4 pht 
245 1 0 |a Sami na samotách /  |c Robert Goláň a Dalibor Malina 
250 |a Vyd. 1. 
260 |a [Karolinka] :  |b Sdružení pro rozvoj Soláně,  |c 2014 
300 |a [82] s. :  |b il. ;  |c 20 cm 
490 1 |a Soláň 
500 |a 400 výt. 
600 1 7 |a Goláň, Robert,  |d 1971-  |7 mzk2002157082  |2 czenas 
648 7 |a 20.-21. století  |7 ch462155  |2 czenas 
650 0 7 |a dokumentární fotografie  |7 ph119534  |z Česko  |y 20.-21. století  |2 czenas 
650 0 7 |a venkov  |7 ph127032  |z Česko  |2 czenas 
650 0 7 |a samoty  |7 ph637313  |z Česko  |2 czenas 
650 0 7 |a každodenní život  |7 ph121555  |z Česko  |2 czenas 
650 0 9 |a documentary photography  |z Czechia  |y 20th-21st centuries  |2 eczenas 
650 0 9 |a countryside  |z Czechia  |2 eczenas 
650 0 9 |a lonely settlements  |z Czechia  |2 eczenas 
650 0 9 |a everyday life  |z Czechia  |2 eczenas 
651 7 |a Valašsko (Česko)  |7 ge131229  |2 czenas 
651 9 |a Valašsko (Czechia)  |2 eczenas 
655 7 |a fotografické publikace  |7 fd132276  |2 czenas 
655 7 |a texty  |7 fd133699  |2 czenas 
655 9 |a photographical works  |2 eczenas 
655 9 |a texts  |2 eczenas 
700 1 |a Malina, Dalibor,  |d 1942-  |7 mzk2003186052  |4 aut 
830 0 |a Soláň  |0 s 
910 2 |a BOA001  |b 2-1336.499 
990 |a BK 
995 |a 01 
991 |b 201501  |c NOV  |e n 
996 6 |b 2610617925  |c 2-1336.499  |l MZK  |r Sklad / do 1 hodiny  |n 0  |p p.v.  |w 001481644  |u 000010  |a 1  |e BOA001  |j MZK50  |s P